<?xml version='1.0' encoding='UTF-8'?>
  <record xmlns="http://www.loc.gov/MARC21/slim">
    <leader>00000cam a22000007i 4500</leader>
    <controlfield tag="001">ocm54288970</controlfield>
    <controlfield tag="003">OCoLC</controlfield>
    <controlfield tag="005">20231213210205.5</controlfield>
    <controlfield tag="008">940712s1575    gw            000 0 lat d</controlfield>
    <datafield tag="040" ind1=" " ind2=" ">
      <subfield code="a">YUS</subfield>
      <subfield code="b">eng</subfield>
      <subfield code="e">rda</subfield>
      <subfield code="e">dcrmr</subfield>
      <subfield code="c">YUS</subfield>
      <subfield code="d">OCLCQ</subfield>
      <subfield code="d">OCLCG</subfield>
      <subfield code="d">OCLCF</subfield>
      <subfield code="d">OCLCO</subfield>
      <subfield code="d">OCLCQ</subfield>
      <subfield code="d">OCLCO</subfield>
      <subfield code="d">QGJ</subfield>
      <subfield code="d">OCLCA</subfield>
      <subfield code="d">OCLCO</subfield>
      <subfield code="d">OCLCL</subfield>
    </datafield>
    <datafield tag="035" ind1=" " ind2=" ">
      <subfield code="a">(OCoLC)54288970</subfield>
    </datafield>
    <datafield tag="084" ind1=" " ind2=" ">
      <subfield code="a">11.55</subfield>
      <subfield code="2">bcl</subfield>
    </datafield>
    <datafield tag="100" ind1="1" ind2=" ">
      <subfield code="a">Curäus, Joachim,</subfield>
      <subfield code="d">1532-1573,</subfield>
      <subfield code="e">author.</subfield>
      <subfield code="4">aut</subfield>
      <subfield code="1">https://id.oclc.org/worldcat/entity/E39PBJfx4Jf8Vvyb483rPj63Qq</subfield>
    </datafield>
    <datafield tag="245" ind1="1" ind2="0">
      <subfield code="a">Exegesis perspicua et ferme integra controversiae de Sacra Coena, scripta vt priuatim conscientias piorum erudiat &amp; subiecta iudicio sociorum confessionis Augustanae, quicunque candidè &amp; sine prauis affectibus iudicaturi sunt. /</subfield>
      <subfield code="b">Autore Ioachimo Cureo Freistadiano. ; Eiusdem autoris Spongia exigua &amp; mollis, comparata  ad eluendos colores, quos illeuit controuersiae de Sacra Cœna D. Paulus Eberus, Pastor Ecclesiae VVitenbergensis.  Accesserunt praeterea scripta aliquot D. Philippi Melanchthonis &amp; aliorum de eadem controuersia.</subfield>
    </datafield>
    <datafield tag="246" ind1="3" ind2=" ">
      <subfield code="a">Exegesis perspicva et ferme integra controversiae de Sacra Coena</subfield>
    </datafield>
    <datafield tag="264" ind1=" " ind2="1">
      <subfield code="a">Heidelbergae :</subfield>
      <subfield code="b">Excudebat Ioannes Maier,</subfield>
      <subfield code="c">M. D. LXXV. [1575]</subfield>
    </datafield>
    <datafield tag="300" ind1=" " ind2=" ">
      <subfield code="a">2 preliminary leaves, 402 pages, 1 leaf ;</subfield>
      <subfield code="c">16 cm (8vo)</subfield>
    </datafield>
    <datafield tag="336" ind1=" " ind2=" ">
      <subfield code="a">text</subfield>
      <subfield code="b">txt</subfield>
      <subfield code="2">rdacontent</subfield>
    </datafield>
    <datafield tag="337" ind1=" " ind2=" ">
      <subfield code="a">unmediated</subfield>
      <subfield code="b">n</subfield>
      <subfield code="2">rdamedia</subfield>
    </datafield>
    <datafield tag="338" ind1=" " ind2=" ">
      <subfield code="a">volume</subfield>
      <subfield code="b">nc</subfield>
      <subfield code="2">rdacarrier</subfield>
    </datafield>
    <datafield tag="340" ind1=" " ind2=" ">
      <subfield code="m">8vo</subfield>
      <subfield code="2">rdabf</subfield>
    </datafield>
    <datafield tag="500" ind1=" " ind2=" ">
      <subfield code="a">Printer's name from colophon.</subfield>
    </datafield>
    <datafield tag="500" ind1=" " ind2=" ">
      <subfield code="a">Imprint: Heidelberg, 1575.</subfield>
    </datafield>
    <datafield tag="500" ind1=" " ind2=" ">
      <subfield code="a">Colophon: Excudebat Ioannes Maier, Anno M. D. LXXV.</subfield>
    </datafield>
    <datafield tag="500" ind1=" " ind2=" ">
      <subfield code="a">Printer's device of Matthias Harnisch on last page, with slogan: Ditat servata fides.</subfield>
    </datafield>
    <datafield tag="500" ind1=" " ind2=" ">
      <subfield code="a">Signatures: A-Z⁸ Aa-Bb⁸.</subfield>
    </datafield>
    <datafield tag="500" ind1=" " ind2=" ">
      <subfield code="a">Initials, printed marginalia.</subfield>
    </datafield>
    <datafield tag="505" ind1="0" ind2="0">
      <subfield code="t">Exegesis, de sententia verborum coenae ... --</subfield>
      <subfield code="t">Spongia exigua et mollis, comparata ad eluendos colores : quos illeuit constrouersiae de sacra Coena D. Paulus Eberus ... --</subfield>
      <subfield code="t">Iudicium de coena Domini, pastoris VVittenbergis D. Pauli Eberi ... die 28. Decemb. Anno 61. ... --</subfield>
      <subfield code="t">Brevis summa doctrinae, dictata publicè in Academia VVitebergensi à Philippo Melanchthone, circa Annum 1534. De coena Domini --</subfield>
      <subfield code="t">Epistolae aliquot et responsa eiusdem autoris [i.e. Philippi Melanchthonis] &amp; aliorum, de eadem controuersia.</subfield>
    </datafield>
    <datafield tag="510" ind1="4" ind2=" ">
      <subfield code="a">Verzeichnis der im deutschen Sprachbereich erschienenen Drucke des 16. Jahrhunderts (VD 16),</subfield>
      <subfield code="c">C 6383</subfield>
    </datafield>
    <datafield tag="510" ind1="4" ind2=" ">
      <subfield code="3">Cureus, Joachim. Spongia exigua et mollis:</subfield>
      <subfield code="a">Verzeichnis der im deutschen Sprachbereich erschienenen Drucke des 16. Jahrhunderts (VD 16),</subfield>
      <subfield code="c">C 6400</subfield>
    </datafield>
    <datafield tag="510" ind1="4" ind2=" ">
      <subfield code="3">Eber, Paul. Iudicium de cena Domini:</subfield>
      <subfield code="a">Verzeichnis der im deutschen Sprachbereich erschienenen Drucke des 16. Jahrhunderts (VD 16),</subfield>
      <subfield code="c">E 40</subfield>
    </datafield>
    <datafield tag="510" ind1="4" ind2=" ">
      <subfield code="3">Melanchthon, Philipp. Iudicium de controversia cenae Domini:</subfield>
      <subfield code="a">Verzeichnis der im deutschen Sprachbereich erschienenen Drucke des 16. Jahrhunderts (VD 16),</subfield>
      <subfield code="c">M 3537</subfield>
    </datafield>
    <datafield tag="510" ind1="4" ind2=" ">
      <subfield code="a">Index Aureliensis,</subfield>
      <subfield code="c">148.519</subfield>
    </datafield>
    <datafield tag="600" ind1="1" ind2="0">
      <subfield code="a">Eber, Paul,</subfield>
      <subfield code="d">1511-1569.</subfield>
    </datafield>
    <datafield tag="650" ind1=" " ind2="0">
      <subfield code="a">Lord's Supper</subfield>
      <subfield code="v">Early works to 1800.</subfield>
    </datafield>
    <datafield tag="600" ind1="1" ind2="7">
      <subfield code="a">Eber, Paul,</subfield>
      <subfield code="d">1511-1569</subfield>
      <subfield code="2">fast</subfield>
      <subfield code="1">https://id.oclc.org/worldcat/entity/E39PBJkHpd34MD4wwYVJQJPbBP</subfield>
    </datafield>
    <datafield tag="650" ind1=" " ind2="7">
      <subfield code="a">Lord's Supper</subfield>
      <subfield code="2">fast</subfield>
    </datafield>
    <datafield tag="650" ind1="1" ind2="7">
      <subfield code="a">Heilig Avondmaal.</subfield>
      <subfield code="2">gtt</subfield>
      <subfield code="0">(NL-LeOCL)078441803</subfield>
    </datafield>
    <datafield tag="650" ind1="1" ind2="7">
      <subfield code="a">Controversen.</subfield>
      <subfield code="2">gtt</subfield>
      <subfield code="0">(NL-LeOCL)078475937</subfield>
    </datafield>
    <datafield tag="655" ind1=" " ind2="7">
      <subfield code="a">Early works</subfield>
      <subfield code="2">fast</subfield>
    </datafield>
    <datafield tag="700" ind1="1" ind2=" ">
      <subfield code="a">Eber, Paul,</subfield>
      <subfield code="d">1511-1569,</subfield>
      <subfield code="e">author.</subfield>
      <subfield code="4">aut</subfield>
      <subfield code="1">https://id.oclc.org/worldcat/entity/E39PBJkHpd34MD4wwYVJQJPbBP</subfield>
    </datafield>
    <datafield tag="700" ind1="1" ind2=" ">
      <subfield code="a">Melanchthon, Philip,</subfield>
      <subfield code="d">1497-1560,</subfield>
      <subfield code="e">author.</subfield>
      <subfield code="4">aut</subfield>
      <subfield code="1">https://id.oclc.org/worldcat/entity/E39PBJqQtH68krrpJcG6Tt8cT3</subfield>
    </datafield>
    <datafield tag="700" ind1="1" ind2=" ">
      <subfield code="a">Harnisch, Matthias,</subfield>
      <subfield code="d">approximately 1535-1596,</subfield>
      <subfield code="e">publisher.</subfield>
      <subfield code="4">pbl</subfield>
      <subfield code="1">https://id.oclc.org/worldcat/entity/E39PBJjhywBCRHtvrD9VJHwXBP</subfield>
    </datafield>
    <datafield tag="700" ind1="1" ind2=" ">
      <subfield code="a">Mayer, Johann,</subfield>
      <subfield code="d">1530-1578,</subfield>
      <subfield code="e">printer.</subfield>
      <subfield code="4">prt</subfield>
      <subfield code="1">https://id.oclc.org/worldcat/entity/E39PBJxrTP4pg8mqDmhDwkDwmd</subfield>
    </datafield>
    <datafield tag="700" ind1="1" ind2=" ">
      <subfield code="a">Germany</subfield>
      <subfield code="d">Heidelberg,</subfield>
      <subfield code="e">publication place.</subfield>
      <subfield code="4">pup</subfield>
    </datafield>
  </record>